<?xml version="1.0" encoding="UTF-8"?><?xml-stylesheet type="text/xsl" href="static/style.xsl"?><OAI-PMH xmlns="http://www.openarchives.org/OAI/2.0/" xmlns:xsi="http://www.w3.org/2001/XMLSchema-instance" xsi:schemaLocation="http://www.openarchives.org/OAI/2.0/ http://www.openarchives.org/OAI/2.0/OAI-PMH.xsd"><responseDate>2026-04-14T04:41:11Z</responseDate><request verb="GetRecord" identifier="oai:www.recercat.cat:10256/27394" metadataPrefix="marc">https://recercat.cat/oai/request</request><GetRecord><record><header><identifier>oai:recercat.cat:10256/27394</identifier><datestamp>2025-09-27T19:19:26Z</datestamp><setSpec>com_2072_452966</setSpec><setSpec>com_2072_2054</setSpec><setSpec>col_2072_452969</setSpec></header><metadata><record xmlns="http://www.loc.gov/MARC21/slim" xmlns:dcterms="http://purl.org/dc/terms/" xmlns:xsi="http://www.w3.org/2001/XMLSchema-instance" xmlns:doc="http://www.lyncode.com/xoai" xsi:schemaLocation="http://www.loc.gov/MARC21/slim http://www.loc.gov/standards/marcxml/schema/MARC21slim.xsd">
   <leader>00925njm 22002777a 4500</leader>
   <datafield ind2=" " ind1=" " tag="042">
      <subfield code="a">dc</subfield>
   </datafield>
   <datafield ind2=" " ind1=" " tag="720">
      <subfield code="a">Barra Olivares, Esteban</subfield>
      <subfield code="e">author</subfield>
   </datafield>
   <datafield ind2=" " ind1=" " tag="260">
      <subfield code="c">2025-04</subfield>
   </datafield>
   <datafield ind2=" " ind1=" " tag="520">
      <subfield code="a">La prueba pericial está innegablemente referida a los hechos, pero no se puede desprender de ello que se trate de una cuestión ajena al derecho ni tampoco que el razonamiento pericial no deba contener conceptos o reglas jurídicas. Este trabajo provee algunas razones teóricas y prácticas que sostienen esa afirmación, concluyendo que los alcances de la relación entre los hechos y el derecho, su calidad de prueba jurídica de los hechos y el desarrollo de determinadas prácticas judiciales dan cuenta de que el derecho está innegablemente implicado en la determinación de los hechos. Al mismo tiempo provee como ejemplo la práctica arbitral chilena, especialmente en materia de arbitraje y construcción. Palabras claves: prueba pericial; razonamiento pericial; hechos y derecho; arbitraje</subfield>
   </datafield>
   <datafield ind2=" " ind1=" " tag="520">
      <subfield code="a">Expert evidence undeniably refers to facts, but it cannot be inferred from this that it is a matter outside the scope of law, nor that expert reasoning should not include legal concepts or rules. This paper provides some theoretical and practical reasons to support this assertion, concluding that the scope of the relationship between facts and law, their status as legal evidence of facts, and the development of certain judicial practices show that law is undeniably involved in the determining of facts. At the same time, it uses Chilean arbitration practice as an example, particularly in the areas of arbitration and construction.&#xd;
Keywords: expert evidence; expert reasoning; law and facts; arbitration</subfield>
   </datafield>
   <datafield ind2=" " ind1=" " tag="520">
      <subfield code="a">16</subfield>
   </datafield>
   <datafield ind1="8" ind2=" " tag="024">
      <subfield code="a">http://hdl.handle.net/10256/27394</subfield>
   </datafield>
   <datafield tag="653" ind2=" " ind1=" ">
      <subfield code="a">Prova pericial -- Xile</subfield>
   </datafield>
   <datafield tag="653" ind2=" " ind1=" ">
      <subfield code="a">Dret -- Filosofia</subfield>
   </datafield>
   <datafield tag="653" ind2=" " ind1=" ">
      <subfield code="a">Arbitratge i laude -- Xile</subfield>
   </datafield>
   <datafield tag="653" ind2=" " ind1=" ">
      <subfield code="a">Evidence, Expert -- Chile</subfield>
   </datafield>
   <datafield tag="653" ind2=" " ind1=" ">
      <subfield code="a">Law -- Philosophy</subfield>
   </datafield>
   <datafield tag="653" ind2=" " ind1=" ">
      <subfield code="a">Arbitration and award -- Chile</subfield>
   </datafield>
   <datafield ind2="0" ind1="0" tag="245">
      <subfield code="a">Lo jurídico en el razonamiento pericial. Hechos, derecho y prácticas en la justicia arbitral chilena</subfield>
   </datafield>
</record></metadata></record></GetRecord></OAI-PMH>